MARC

LEADER 00000nas a2200000 a 4500
001 ssj0021196
003 WaSeSS
005 20200512172242.0
006 m d
007 cr n
008 020815c19uu9999nyuqx pss 0 a0eng c
010 |a  2002214618 
015 |a GBB538243  |2 bnb 
016 7 |a 017030805  |2 Uk 
022 |a 1541-4167  |l 1521-0251  |y 1521-0251 
035 |a (WaSeSS)ssj0021196 
037 |b Baywood Publishing Company, Inc., 26 Austin Avenue, Box 337, Amityville, NY 11701 
040 |a NSD  |b eng  |c NSD  |d OCLCQ  |d MUQ  |d SYB  |d LGG  |d OCLCQ  |d UMC  |d VRC  |d OCLCQ  |d OCLCF  |d OCLCQ  |d OCLCO  |d OCLCQ  |d NLE  |d GILDS  |d OCLCO  |d NTG  |d UKMGB  |d WaSeSS 
042 |a nsdp  |a pcc 
050 1 4 |a LC148.15  |b .J68 
082 1 0 |a 378  |2 13 
210 0 |a J. coll. stud. ret.  |b (Online) 
222 0 |a Journal of college student retention  |b (Online) 
245 0 0 |a Journal of college student retention  |h [electronic resource] :  |b research, theory & practice. 
260 |a Amityville, NY :  |b Baywood Pub. Co. 
310 |a Four no. a year 
362 1 |a Began with vol. 1(1), 1999. 
506 |a License restrictions may limit access. 
538 |a Mode of access: World Wide Web. 
588 |a Description based on: Vol. 3, no. 3; title from journal home page (viewed Aug. 15, 2002). 
588 |a Latest issue consulted: Vol. 12(3), 2010/2011 (MetaPress, viewed Feb. 9, 2010). 
650 0 |a College attendance  |v Periodicals. 
650 0 |a College dropouts  |v Periodicals. 
650 6 |a Effectifs étudiants  |v Périodiques. 
650 6 |a Abandon des études (Enseignement supérieur)  |v Périodiques. 
650 6 |a Persévérence aux études  |v Périodiques. 
650 7 |a College attendance.  |2 fast  |0 (OCoLC)fst00867707 
650 7 |a College dropouts.  |2 fast  |0 (OCoLC)fst00867768 
655 0 |a Electronic journals. 
776 0 8 |i Print version:  |t Journal of college student retention  |x 1521-0251  |w (DLC)sn 98001744  |w (OCoLC)39651357 
856 4 0 |z Full text available from Research Library: 07/01/1999 to 10/31/2008  |u https://search.proquest.com/publication/42506